000 00406nam a2200169Ia 4500
008 100122s9999 xx 000 0 und d
082 _b23560
_a822
100 _aRICHARDSON
245 _aTHE NEW AMERICAN DRAMA
260 _bPENGUIN BOOKS
_c1966
300 _a203
630 _aTHE NEW AMERICAN DRAMA
700 _aMILLER
700 _aSEHISGAL
730 _aTHE NEW AMERICAN DRAMA
942 _cBOOK
999 _c367194
_d367191